000 00711nam a2200229Ia 4500
003 OSt
005 20220918203402.0
006 a|||||r|||| 00| 0
007 ta
008 220917b |||||||| |||| 00| 0 eng d
024 _a107,948
037 _cTextual
040 _aARTS
_cARTS
_beng
041 _2eng
_aeng
082 _aV44974:2:9Z, J9
100 _aGoyal N
_9108321
245 0 _aKing and his constitution
_b observations and commentary on the constitution of the Kingdom of Nepal with text and a supplement on the other monarchical constitutions of the wolrd
260 _c1959
650 _aHISTORY
942 _hV44974:2:9Z, J9
_cTEXL
_2CC
999 _c231303
_d231303